Statystyki dla Quiz o Urugwaju

Kliknij tutaj aby rozwiązać quiz!

Ogólne statystyki

  • Ten quiz został rozwiązany 1 292 razy
  • Średni wynik to 10 z 16

Statystyki odpowiedzi

WskazówkaOdpowiedź% Poprawnych
Państwa graniczące z UrugwajemBrazylia
97%
Państwa graniczące z UrugwajemArgentyna
96%
Język oficjalnyHiszpański
96%
StolicaMontevideo
89%
Przedmiot na fladze{Słońce} majowe
89%
WalutaPeso
77%
Wydarzenie wygrane przez Urugwaj w 1930 i 1950 rMistrzostwa {świata}
{w} {piłce} {nożnej}
72%
Piłkarz, który słynął z gryzienia wielu przeciwnikówLuis Suárez
71%
W 2013 r. Urugwaj stał się pierwszym państwem, który w pełni to zalegalizowałMarihuana
59%
Tradycyjny taniec, który ewoluował w powyższym regionieTango
47%
Urugwaj ma 3,42 tych zwierząt na każdą osobę,
co stanowi najwyższy wskaźnik na świecie
Krowy
45%
Ujście, które powstało tam gdzie ta rzeka spotyka się z ParanąLa {Plata}
40%
Urugwaj leży w tym żyznym regionie trawiastymPampa
32%
Rzeka, która tworzy zachodnią granicę UrugwajuUrugwaj
29%
W latach 1860–1914 z tego państwa przybyło ponad 200 000 imigrantówWłochy
24%
Motto narodoweLibertad o {Muerte}
17%

Rozkład punktacji

Percentyl według liczby udzielonych odpowiedzi

Procent ludzi z każdym wynikiem

Twoja historia wyników

Nie rozwiązałeś tego quizu